Score 0/14 Timer 01:30
0 Plays Today
% Correct
George Clooney
85.8%
Bob Hoskins
81.3%
Bruce Willis
81.3%
Heather Graham
80.6%
Noomi Rapace
79.1%
Hugh Grant
76.1%
Katharine Hepburn
74.6%
% Correct
David Bowie
74.6%
John Candy
74.6%
Madonna
72.4%
Barbara Bach
71.6%
Elizabeth Taylor
66.4%
Jodie Foster
56%
Bette Davis
53.7%
Come Together.
Have Fun.
All Virtual.
We all need to come together. Play Sporcle's virtual live trivia to have fun, connect with people, and get your trivia on. Join a live hosted trivia game for your favorite pub trivia experience done virtually. If a virtual private party is more your thing, go here for details.

You're not logged in!

Compare scores with friends on all Sporcle quizzes.
OR
Log In

Sporcle TV

Today on Sporcle TV


Watch our educational content, quiz creation guides, and fun videos on Sporcle TV.

Show Comments

Extras

Top Quizzes Today


Score Distribution

Paid Content

Your Account Isn't Verified!

In order to create a playlist on Sporcle, you need to verify the email address you used during registration. Go to your Sporcle Settings to finish the process.

Report this User

Report this user for behavior that violates our Community Guidelines.

Details: